The Rome statute of the international criminal court : A commentary (Materials)

Αποθηκεύτηκε σε:
Λεπτομέρειες βιβλιογραφικής εγγραφής
Συγγραφή απο Οργανισμό/Αρχή: Rome Statute of the international criminal court
Μορφή: Βιβλίο
Γλώσσα:Undetermined
Έκδοση: Oxford ; New York Oxford University Press 2009
Θέματα:
Ετικέτες: Προσθήκη ετικέτας
Δεν υπάρχουν, Καταχωρήστε ετικέτα πρώτοι!
Thư viện lưu trữ: Trung tâm Học liệu Trường Đại học Cần Thơ
LEADER 00701nam a2200205Ia 4500
001 CTU_152476
008 210402s9999 xx 000 0 und d
020 |c 89.57 
082 |a 341.77 
082 |b R763 
110 |a Rome Statute of the international criminal court 
245 4 |a The Rome statute of the international criminal court : 
245 2 |b A commentary (Materials) 
245 0 |c Rome Statute of the international criminal court 
260 |a Oxford ; New York 
260 |b Oxford University Press 
260 |c 2009 
650 |a International criminal courts,Tòa án tội phạm quốc tế 
904 |i Nguyên 
980 |a Trung tâm Học liệu Trường Đại học Cần Thơ